Monte Carlo investigation of Ising-modelled single-walled nanotube/ (Record no. 42915)

MARC details
000 -LEADER
fixed length control field 00452nam a22001697a 4500
003 - CONTROL NUMBER IDENTIFIER
control field CUTN
005 - DATE AND TIME OF LATEST TRANSACTION
control field 20240423163637.0
008 - FIXED-LENGTH DATA ELEMENTS--GENERAL INFORMATION
fixed length control field 240423b |||||||| |||| 00| 0 eng d
041 ## - LANGUAGE CODE
Language English
082 ## - DEWEY DECIMAL CLASSIFICATION NUMBER
Edition number 23
Classification number 530
Item number ELD
100 ## - MAIN ENTRY--PERSONAL NAME
Personal name Elden, Arul Anne
245 ## - TITLE STATEMENT
Title Monte Carlo investigation of Ising-modelled single-walled nanotube/
Statement of responsibility, etc A.Arul Anne Elden.
260 ## - PUBLICATION, DISTRIBUTION, ETC. (IMPRINT)
Place of publication, distribution, etc Thiruvarur
Date of publication, distribution, etc 2022.
300 ## - PHYSICAL DESCRIPTION
Extent 88p :
690 ## - LOCAL SUBJECT ADDED ENTRY--TOPICAL TERM (OCLC, RLIN)
Department Name Physics
942 ## - ADDED ENTRY ELEMENTS (KOHA)
Source of classification or shelving scheme Dewey Decimal Classification
Koha item type Thesis/Dissertation & Project

No items available.